Holocaust und Literatur: Essay
| Main Author: | |
|---|---|
| Format: | Print Book |
| Language: | German |
| Subito Delivery Service: | Order now. |
| Check availability: | HBZ Gateway |
| WorldCat: | WorldCat |
| Interlibrary Loan: | Interlibrary Loan for the Fachinformationsdienste (Specialized Information Services in Germany) |
| Published: |
Frankfurt am Main
Jüdischer Verlag
1997
|
| In: | Year: 1997 |
| Edition: | 1. Auflage |
| Standardized Subjects / Keyword chains: | B
Jews (Motif)
/ Literature
B Jews / Survivor / Autobiographical literature |
| Further subjects: | B
Holocaust
B Literature B Shoah B Autobiographischer Bericht |
| Online Access: |
Table of Contents |
MARC
| LEADER | 00000cam a2200000 c 4500 | ||
|---|---|---|---|
| 001 | 22742901X | ||
| 003 | DE-627 | ||
| 005 | 20251222205806.0 | ||
| 007 | tu | ||
| 008 | 970513s1997 gw ||||| 00| ||ger c | ||
| 016 | 7 | |a 950446009 |2 DE-101 | |
| 020 | |a 3633541330 |9 3-633-54133-0 | ||
| 035 | |a (DE-627)22742901X | ||
| 035 | |a (DE-576)05725348X | ||
| 035 | |a (DE-599)GBV22742901X | ||
| 035 | |a (OCoLC)243863498 | ||
| 035 | |a (OCoLC)1073922851 | ||
| 035 | |a (DE-H357)his15452 | ||
| 040 | |a DE-627 |b ger |c DE-627 |e rda | ||
| 041 | |a ger | ||
| 044 | |c XA-DE | ||
| 082 | 0 | |a 830.9 | |
| 082 | 0 | 4 | |a 51 |q dnb |
| 084 | |a GESCH 432,60 (81) |2 sfb | ||
| 084 | |a GESCH 432,96 (81) |2 sfb | ||
| 084 | |a LIT 48 |2 sfb | ||
| 084 | |a LIT 73,9 |2 sfb | ||
| 084 | |a 51 |a 63 |2 sdnb | ||
| 084 | |a BD 7680 |2 rvk |0 (DE-625)rvk/10268: | ||
| 084 | |a 17.93 |2 bkl | ||
| 084 | |a 18.00 |2 bkl | ||
| 100 | 1 | |e VerfasserIn |0 (DE-588)115375694 |0 (DE-627)077207939 |0 (DE-576)289844843 |4 aut |a Dresden, S. |d 1914-2002 | |
| 109 | |a Dresden, S. 1914-2002 |a Dresden, Samuel 1914-2002 |a Dresden, Sem 1914-2002 | ||
| 191 | |a 1 | ||
| 240 | 1 | 0 | |a Vervolging, vernietiging, literatuur |
| 245 | 1 | 0 | |a Holocaust und Literatur |b Essay |c aus dem Niederländischen übersetzt von Gregor Seferens und Andreas Ecke |
| 250 | |a 1. Auflage | ||
| 264 | 1 | |a Frankfurt am Main |b Jüdischer Verlag |c 1997 | |
| 300 | |a 326 Seiten |b Illustrationen, Karten |c 20 cm | ||
| 336 | |a Text |b txt |2 rdacontent | ||
| 337 | |a ohne Hilfsmittel zu benutzen |b n |2 rdamedia | ||
| 338 | |a Band |b nc |2 rdacarrier | ||
| 361 | 1 | |5 DE-32 |y 732495733 |s 215284 - A |o Vorbesitz |a Literarische Bibliothek Siegfried Unseld |0 (DE-588)1082323314 |0 (DE-627)847321843 |0 (DE-576)455352682 |f Stempel | |
| 361 | 1 | |5 DE-18 |y 856595144 |s A/481684 |o Vorbesitz |a Steinmetz, Ebba Maria |f Exemplar: Donator | |
| 500 | |a Literaturverzeichnis Seite 314-324 | ||
| 583 | 1 | |a Archivierung/Langzeitarchivierung gewährleistet |f SSG |x XA-DE-BW |2 pdager |5 DE-21 | |
| 601 | |a Holocaust | ||
| 650 | 4 | |a Holocaust | |
| 650 | 4 | |a Literatur | |
| 650 | 4 | |a Autobiographischer Bericht | |
| 650 | 4 | |a Shoah | |
| 689 | 0 | 0 | |d s |0 (DE-588)4122228-3 |0 (DE-627)105764000 |0 (DE-576)209549696 |2 gnd |a Judenvernichtung |g Motiv |
| 689 | 0 | 1 | |d s |0 (DE-588)4035964-5 |0 (DE-627)106245015 |0 (DE-576)209015608 |2 gnd |a Literatur |
| 689 | 0 | |5 DE-101 | |
| 689 | 1 | 0 | |d s |0 (DE-588)4073091-8 |0 (DE-627)104682590 |0 (DE-576)20918938X |2 gnd |a Judenvernichtung |
| 689 | 1 | 1 | |d s |0 (DE-588)4136796-0 |0 (DE-627)105654833 |0 (DE-576)209672196 |2 gnd |a Überlebender |
| 689 | 1 | 2 | |d s |0 (DE-588)4143683-0 |0 (DE-627)105603953 |0 (DE-576)209728035 |2 gnd |a Autobiografische Literatur |
| 689 | 1 | |5 DE-101 | |
| 856 | 4 | 2 | |u http://d-nb.info/950446009/04 |m B:DE-101 |q pdf/application |v 20161127003401 |x Verlag |3 Inhaltsverzeichnis |7 1 |
| 935 | |a mteo | ||
| 935 | |i Blocktest | ||
| 936 | r | v | |a BD 7680 |b Darstellungen |k Theologie und Religionswissenschaften |k Judaistik |k Religions- und Kulturgeschichte der Juden |k 20. und 21. Jahrhundert (seit ca. 1930) |k Jüdische Literatur in verschiedenen Sprachen |k Darstellungen |0 (DE-627)1270718010 |0 (DE-625)rvk/10268: |0 (DE-576)200718010 |
| 936 | b | k | |a 17.93 |j Literarische Stoffe |j literarische Motive |j literarische Themen |0 (DE-627)106404490 |
| 936 | b | k | |a 18.00 |j Einzelne Sprachen und Literaturen allgemein |0 (DE-627)106405403 |
| 951 | |a BO | ||
| BIB | |a 1 | ||
| ELC | |b 1 | ||
| ITA | |a 1 |t 1 | ||
| LOK | |0 000 xxxxxcx a22 zn 4500 | ||
| LOK | |0 001 3170135279 | ||
| LOK | |0 003 DE-627 | ||
| LOK | |0 004 22742901X | ||
| LOK | |0 005 20000506000000 | ||
| LOK | |0 008 970603||||||||||||||||ger||||||| | ||
| LOK | |0 040 |a DE-21 |c DE-627 |d DE-21 | ||
| LOK | |0 852 |a DE-21 | ||
| LOK | |0 852 1 |c 37 A 9558 |9 00 | ||
| LOK | |0 938 |l 5 |8 2 | ||
| LOK | |0 939 |a 03-06-97 |b l01 | ||
| LOK | |0 000 xxxxxcx a22 zn 4500 | ||
| LOK | |0 001 3170135368 | ||
| LOK | |0 003 DE-627 | ||
| LOK | |0 004 22742901X | ||
| LOK | |0 005 20100407213457 | ||
| LOK | |0 008 051206||||||||||||||||ger||||||| | ||
| LOK | |0 040 |a DE-21-108 |c DE-627 |d DE-21-108 | ||
| LOK | |0 092 |o l | ||
| LOK | |0 541 |e 3626/05 | ||
| LOK | |0 852 |a DE-21-108 | ||
| LOK | |0 852 1 |c Germ HS/Dr 9 |m p |9 00 | ||
| LOK | |0 935 |a kneu | ||
| LOK | |0 936ln |0 129970414X |a HP 368 | ||
| LOK | |0 938 |k p | ||
| LOK | |0 939 |a 06-12-05 |b l01 | ||
| ORI | |a SA-MARC-ixtheoa001.raw | ||
| REF | |a Literaturmotiv | ||
| REL | |a 1 | ||
| STA | 0 | 0 | |a Autobiographical literature,Jews,Third Reich,Jews,Holocaust,Shoah,Literature,Literature,Belles-lettres,Survivor,Genocide survivors,Massacre survivors,Children of Holocaust survivors,Ex-internment camp inmates,Holocaust survivors,Holodomor survivors |
| STB | 0 | 0 | |a Littérature autobiographique,Littérature,Littérature,Shoah,Shoah,Extermination des juifs,Extermination des juifs,Extermination des juifs (motif),Extermination des juifs,Survivant,Survivant de la Shoah,Survivant de la Shoah,Enfants de survivants de la Shoah,Survivants de la Shoah |
| STC | 0 | 0 | |a Holocausto,Holocausto,Literatura autobiográfica,Literatura,Literatura,Superviviente |
| STD | 0 | 0 | |a Letteratura autobiografica,Letteratura,Letteratura,Sopravvissuto,Sterminio degli Ebrei <motivo>,Sterminio degli Ebrei,Shoah,Shoah,Shoah (motivo),Shoah |
| STE | 0 | 0 | |a 幸存者,未死者,文学,灭绝犹太人,灭绝犹太人,消灭犹太人,消灭犹太人,自传文学 |
| STF | 0 | 0 | |a 幸存者,未死者,文學,滅絕猶太人,滅絕猶太人,消滅猶太人,消滅猶太人,自傳文學 |
| STG | 0 | 0 | |a Holocausto,Holocausto,Literatura autobiográfica,Literatura,Literatura,Sobrevivente |
| STH | 0 | 0 | |a Автобиографическая литература,Выживший,Литература (мотив),Литература,Уничтожение евреев (мотив),Уничтожение евреев |
| STI | 0 | 0 | |a Αυτοβιογραφική λογοτεχνία,Επιζών,Λογοτεχνία (μοτιβο),Λογοτεχνία,Ολοκαύτωμα (μοτίβο),Ολοκαύτωμα |
| SUB | |a BIB |a REL | ||
| SYE | 0 | 0 | |a Holocaust, die Geschichte der Familie Weiß , Belletristik,Dichtung,Literarisches Kunstwerk,Schöne Literatur,Sprachkunst,Sprachliches Kunstwerk,Wortkunst,Belletristik,Dichtung,Schöne Literatur,Sprachkunst,Wortkunst , Shoah |
| SYG | 0 | 0 | |a Endlösung,Holocaust,Holokaust,Juden,Judenfrage,Schoah,Shoah,Endlösung,Holocaust,Holokaust,Judenfrage,Schoah,Shoah,Shoʾah,Shoa,Drittes Reich,Šô'ā,Juden , Belletristik,Dichtung,Literarisches Kunstwerk,Schöne Literatur,Sprachkunst,Sprachliches Kunstwerk,Wortkunst,Belletristik,Dichtung,Schöne Literatur,Sprachkunst,Wortkunst , Endlösung,Holocaust,Holokaust,Juden,Judenfrage,Schoah,Shoah,Endlösung,Holocaust,Holokaust,Judenfrage,Schoah,Shoah,Shoʾah,Shoa,Drittes Reich,Šô'ā,Juden , Autobiographische Literatur,Autofiktion,Ego-Dokument,Life writing,Life-writing |